MESTSKÁ KNIŽNICA GIRALTOVCE  - online katalóg 

Slovenské spevy pre mužské, ženské a miešané sbory (Record no. 15232)

000 -NÁVESTIE
fixed length control field 00283nam a2200109 a 4500
008 - ÚDAJE S PEVNOU DĹŽKOU – VŠEOBECNÉ INFORMÁCIE
fixed length control field 101214s1958|||| d
020 ## - MEDZINÁRODNÉ ŠTANDARDNÉ ČÍSLO KNIHY (ISBN)
Údaje o dostupnosti 22
041 ## - KÓD JAZYKA
Kód jazyka textu/zvukovej stopy alebo samostatných nápisov slo
044 ## - KÓD KRAJINY VYDAVATEĽA/PRODUCENTA
Kód krajiny MARC xo
Kód krajiny ISO SK
245 10 - NÁZOV
Názov Slovenské spevy pre mužské, ženské a miešané sbory
260 ## - VYDAVATEĽSKÉ ÚDAJE, DISTRIBÚCIA ATĎ.
Názov vydavateľa, distibútora atď. SVKL
Miesto publikovania, distribúcie atď. Bratislava
Dátum publikovania, distribúcie atď. 1958
Holdings
Stav stiahnutia (Blokovanie) (Withrawn status) Stav straty Stav poškodenia (Damaged status) Nie pre výpožičky (Not for loan) Spôsob nadobudnutia (Collection code) Trvalé umiestnenie Aktuálne umiestnenie Dátum nadobudnutia Náklady, bežná kúpna cena Inventárne číslo (prírastkové číslo) Full call number Dátum posledného výskytu Cena s účinnosťou od Typ jednotky Koha
        Kúpa Mestská knižnica Giraltovce Mestská knižnica Giraltovce 2019-11-29 22.00 14268 I 0324 2019-11-29 2019-11-29 Odborná literatúra pre dospelých

Powered by Koha